000 00910cab a2200253 4500
001 ABS54260
008 090401t1995 xxu||||| |||| 00| 0 eng d
035 _a(Sirsi) u9356
041 _aeng
100 _aO`Reilly, M.
245 _aRisk construction contracts and construction disputes
260 _c1995
350 _a0
490 _aConstruction Law Journal
_v11(50 1995, 343-354(12)
520 _aOutlines specific areas of application of risk assessment and management in the context of construction contracts and construction disputes.
650 _aCONSTRUCTION MANAGEMENT
_96230
650 _aDISPUTE RESOLUTION
_96236
650 _aRISK ASSESSMENT
650 _aRISK MANAGEMENT
690 _aMANAGEMENT-DISPUTE AVOIDANCE, MANAGEMENT AND RESOLUTION-DISPUTE MANAGEMENT AND RESOLUTION-ARBITRATION
690 _aBUILT ENVIRONMENT-BUILDING CONTRACT FORMS
942 _n0
948 _c04/03/1997
999 _c5832
_d5832